Statystyki dla Piłkarze 1 Ligi po zdjęciach

Kliknij tutaj aby rozwiązać quiz!

Ogólne statystyki

  • Ten quiz został rozwiązany 11 razy
  • Średni wynik to 5 z 10

Statystyki odpowiedzi

Odpowiedź% Poprawnych
Angel Rodado
70%
Radosław Majewski
70%
Tomasz Loska
70%
Karol Czubak
60%
Luis Fernandez
60%
Szymon Sobczak
60%
Camilo Mena
50%
Fryderyk Gerbowski
20%
Paweł Żyra
20%
Samuel Mraz
10%

Rozkład punktacji

Percentyl według liczby udzielonych odpowiedzi

Procent ludzi z każdym wynikiem

Twoja historia wyników

Nie rozwiązałeś tego quizu